00428 2200181 4500001002100000005001500021035002000036007000300056008003900059082001200098084001800110100000800128245001600136260003700152300002400189650001600213856001700229INLIS00000000000625720211014042552 a0010-1021000008ta211014 | | |  a633.842 a633.842 ABU c0 aABU1 acabai Besar aMalang :bBPTP Jawa Timur,c2009 a2p :bilus ;c30 cm 4acabai besar aPerpustakaan